| 000 | 00896nam a2200193 i 4500 | ||
|---|---|---|---|
| 001 | 114475 | ||
| 003 | ES-MaACL | ||
| 005 | 20240530152710.0 | ||
| 007 | t| | ||
| 008 | 070302s1902 sp ||||1| spa d | ||
| 100 | 1 |
_aPuigdollers y Maciá, José. _994297 |
|
| 245 | 1 | 4 |
_aLas relaciones entre España y América _b: manera de fomentarlas / _cinforme de D. José Puigdollers y Maciáa ante la Subcomisión internacional permanente de Barcelona del Congreso social-económico Hispano-Americano en la sesión de 1 de febrero de 1902, según notas taquigráficas tomadas por D. Sebastián Farnés. |
| 260 |
_aBarcelona : _bImprenta Elzeviriana de Borrás y Mestres, _c1902. |
||
| 300 |
_a14 p. ; _c22 cm. |
||
| 651 | 4 |
_aAmérica Latina- _xRelaciones- _zEspaña _97760 |
|
| 651 | 4 |
_aEspaña- _xRelaciones- _zAmérica Latina _98454 |
|
| 852 |
_aES-MaACL _jT-979-F-5 |
||
| 999 |
_c114475 _d114475 |
||